000 01098nam a2200301 4500
001 0000017687
003 CO-CtgCURN
005 20250513143655.0
007 ta
008 160627s2000 000 0 eng d
020 _a9586902129
040 _aCO-CtgCURN
_bspa
_ccoctgcurn
082 0 _a344.046
_bP13l
100 1 _aPadilla Hernández, Eduardo.
245 1 0 _aLecciones de derecho ambiental /
_cEduardo Padilla Hernández.
260 _aBogotá :
_bLeyer,
_c2000.
300 _a594 p.
336 _2rdacontent
337 _2rdamedia
_asin mediacion
_bn
338 _2rdacarrier
_avolumen
_bnc
500 _aIncluye indice.
505 8 _aHistoria de la ecología.--Derecho ambiental internacional.--Desarrollo sostenible.--La educación ambiental.--Biodiversidad.--Bosques.--Problematica ambiental.--Ecología y biología de poblaciones
650 1 4 _aEcología
_zColombia.
908 _a160627
942 _cBK
_h344.046
_iP13l
_2ddc
_n0
999 _c19687
_d19687